Statistics for Sports with the word 'Ball' in them

Click here to take the quiz!

General Stats

  • This quiz has been taken 1,936 times
    (1,911 since last reset)
  • The average score is 5 of 16

Answer Stats

Answer% Correct
Football
97%
Basketball
96%
Baseball
91%
Volleyball
61%
Handball
51%
Softball
32%
Dodgeball
25%
Netball
23%
American Football
15%
Racquetball
15%
Tetherball
5%
Wallball
5%
Korfball
3%
Paintball
2%
Stickball
2%
Broomball
1%

Score Distribution

Percentile by Number Answered

Percent of People with Each Score

Your Score History

You have not taken this quiz since the last reset